| 000 | 01578nam0a2200313 4500 | ||
|---|---|---|---|
| 001 | RU\NLR\bibl\1470618 | ||
| 005 | 20260406154228.0 | ||
| 010 |
_a978-5-8465-9876-8(37) _9500 |
||
| 035 | _a(NLR Aleph) 001462315 | ||
| 090 |
_a1591166 _c1591166 |
||
| 100 | _a20100209d2010 |||y0rusy50 ca | ||
| 101 | 0 | _arus | |
| 102 | _aRU | ||
| 105 | _ay ||||||||| | ||
| 200 | 1 |
_aРассказовое творчество Виктора Пелевина _e[сборник статей] _fТатьяна Щучкина _gСанкт-Петерб. гос. ун-т, Фак. филологии и искусств |
|
| 210 |
_aСанкт-Петербург _cФакультет филологии и искусств СПбГУ _d2010 |
||
| 215 |
_a58 с. _d21 |
||
| 225 | 1 |
_aЛитературные направления и течения _vвып. 37 |
|
| 320 | _aБиблиогр. в подстроч. примеч. | ||
| 604 |
_1200#1$aПелевин$bВ. О.$gВиктор Олегович$f1962 _12350#$aРассказы _aПелевин, Виктор Олегович (1962) _tРассказы _3RU\NLR\AUTH\661527522 _92584226 |
||
| 686 | _aШ5(2=Р)7-4Пелевин | ||
| 700 | 1 |
_4070 _7ca _8rus _aЩучкина _bТ. В. _gТатьяна Владимировна _977854 _3RU\NLR\auth\7794928 |
|
| 702 | 1 |
_4570 _7ca _8rus _aПелевин _bВ. О. _f1962- _gВиктор Олегович _9116818 _3RU\NLR\auth\776871 |
|
| 801 | 0 |
_aRU _bNLR _c20100209 _gRCR |
|
| 801 | 1 |
_aRU _bNLR _c20100209 |
|
| 830 | _aавт. по кн., перс. по ЭК | ||
| 942 | _cBOOK | ||
| 980 | _aNB | ||